010820000a22002170004500090001400000245005900014650002000073650002200093650001700115650002600132650003200158651005700190041001300247100002800260942001300288773008100301999001700382952015800399952015800557952014900715 aARb0099010aAnalysis of simple cave communities I. Cave as islands14aCavernas99346514aGeología99300114aFauna99259414aBiogeografía99274714aSistemática animal992968 4lValle de GreenbrierdVirginiapEstados Unidos9927490 aInglés1 aCulver, David C.994183 cARTICULO1 tEvolution: International Journal of Organic Evolution311h24q463-474d1970 c10078d10078 001040718HEMEROTECAaBogotabBogotad2015-02-27hFuera de circulaciónl0oAR 00990p011295r2015-03-25 00:00:00t1w2015-03-25xDonaciónyARTICULO 001040718HEMEROTECAaBogotabBogotad2015-02-27hFuera de circulaciónl0oAR 00990p011296r2015-03-25 00:00:00t2w2015-03-25xDonaciónyARTICULO 00102ddc40718HEMEROTECAaVillabVillad2015-02-27hFuera de circulaciónl0oAR 00990p011297r2015-03-25 00:00:00t3w2015-03-25yARTICULO